00333nam a2200145Ia 45000030006000000080041000060400015000471000040000622450016001022500010001182600024001283000006001525460012001580050017001700STCL150530s9999 xx 000 0 und d aSTCLcSTCL aJohnson, M.L.; Abercrom Michael Eds aNew Biology aFirst bPenguin booksc1953 a0 aEnglish20220125170417.0